LEADER 02019nam2 22003613i 450 001 SUN0069231 005 20140707124748.730 010 $a978-88-13-28245-5$d0.00 100 $a20090427d2008 |0itac50 ba 101 $aita 102 $aIT 105 $a|||| ||||| 200 1 $aˆ7: I ‰contratti della pubblica amministrazione$fSalvatore Buscema, Angelo Buscema 205 $a3. ed.$fa cura di Angelo Buscema$gha collaborato a questa edizione la dott.ssa Raffaella Raffaele 210 $aPadova$cCEDAM$d2008 215 $aXVI, 959 p.$d24 cm. - volume presente anche nel Fondo SSPL. 461 1$1001SUN0004128$12001 $aTrattato di diritto amministrativo$fdiretto dal prof. Giuseppe Santaniello$v7$1210 $aPadova$cCEDAM$1215 $avolumi$d25 cm. 606 $aContratti$xpubblica amministrazione$2FI$3SUNC026200 620 $dPadova$3SUNL000007 700 1$aBuscema$b, Salvatore$3SUNV001027$036158 701 1$aBuscema$b, Angelo$3SUNV001028$0133047 702 1$aRaffaele$b, Raffaella$3SUNV054660 712 $aCEDAM$3SUNV005537$4650 801 $aIT$bSOL$c20181109$gRICA 912 $aSUN0069231 950 $aUFFICIO DI BIBLIOTECA DEL DIPARTIMENTO DI ECONOMIA$d03 CONS IVXB1(7) $e03 32180 7 950 $aUFFICIO DI BIBLIOTECA DEL DIPARTIMENTO DI GIURISPRUDENZA$d00 CONS IV.D.3 (7) $e00 BFG1061 950 $aUFFICIO DI BIBLIOTECA DEL DIPARTIMENTO DI GIURISPRUDENZA$d00 CONS SSPL.176 (7) $e00 SPL478 995 $aUFFICIO DI BIBLIOTECA DEL DIPARTIMENTO DI ECONOMIA$bIT-CE0106$h32180$kCONS IVXB1(7) 7$oc$qa 995 $aUFFICIO DI BIBLIOTECA DEL DIPARTIMENTO DI GIURISPRUDENZA$gBFG$h1061$kCONS IV.D.3 (7)$op$qa 995 $aUFFICIO DI BIBLIOTECA DEL DIPARTIMENTO DI GIURISPRUDENZA$gSPL$h478$kCONS SSPL.176 (7)$op$qa 996 $aContratti della pubblica amministrazione$9623844 997 $aUNICAMPANIA LEADER 01091nam a22002771i 4500 001 991003092109707536 005 20030903081856.0 008 030925s1979 gw |||||||||||||||||ger 035 $ab12379347-39ule_inst 035 $aARCHE-042687$9ExL 040 $aBiblioteca Interfacoltà$bita$cA.t.i. Arché s.c.r.l. Pandora Sicilia s.r.l. 082 04$a083.1 082 04$a245.71 100 1 $aLausberg, Heinrich$0132218 245 10$aZum Hymnus "Ave maris stella" /$cHeinrich Lausberg 260 $aGöttingen :$bVandenhoeck & Ruprecht,$c1979 300 $aP. 82-89 ;$c25 cm 440 0$aNachrichten der Akademie der wissenschaften.$pPhilologisch-historische klasse ;$vJahrg. 1979/4 440 0$aMinuscula philologica ;$v4 650 4$aAve maris stella (Inno) 907 $a.b12379347$b02-04-14$c08-10-03 912 $a991003092109707536 945 $aLE002 SP 930/004 (1979)$g1$i2002000125033$lle002$o-$pE0.00$q-$rl$s- $t0$u0$v0$w0$x0$y.i12785118$z08-10-03 996 $aZum Hymnus "Ave maris stella"$9169429 997 $aUNISALENTO 998 $ale002$b08-10-03$cm$da $e-$fger$ggw $h0$i1